000 00535nam a2200157Ia 4500
003 GCL
008 140319s9999 xx 000 0 ara d
040 _aGCL /
_cGCL
082 0 4 _aد
_b050
_bد هـ
245 1 0 _aالهلال يوليو 1993 : المثقفون والثورة ارباح وخسائر
260 _aالقاهرة :
_bدار الهلال للطباعة والنشر ،
_c1993
650 0 4 _aالمقالات العربية
650 0 4 _aثورة 23 يوليو 1952
650 0 4 _aمركز الهناجر
942 _2ddc
_cCR
999 _c6729
_d6729